Normal view
MARC view
- Bond graphs
Entry Topical Term
001 - CONTROL NUMBER
- control field: 56044
003 - CONTROL NUMBER IDENTIFIER
- control field: NUST
005 - DATE AND TIME OF LATEST TRANSACTION
- control field: 20210628201623.0
008 - FIXED-LENGTH DATA ELEMENTS
- fixed length control field: 210628|| aca||aabn | a|a d
040 ## - CATALOGING SOURCE
- Original cataloging agency: NUST
- Transcribing agency: NUST
150 ## - HEADING--TOPICAL TERM
- Topical term or geographic name entry element: Bond graphs
670 ## - SOURCE DATA FOUND
- Source citation: Work cat.: (NUST): Karnopp, Dean. Donald L. Margolis, Ronald C. Rosenberg. 56043, System dynamics :modeling and simulation of mechatronic systems, 2000.
